000 00535nam a2200181Ia 4500
005 20250508151105.0
008 008 250505s9999 xx 000 0 eng d
037 _aTextual
040 _aFEDL
_beng
_cFEDL
041 _aeng
_2eng
084 _a372.83, MCL
_qFEDL
100 _aMcLean Donald
_9277274
245 0 _aSix projects for young Australians : An activity social studies book
260 _aSydney
_bShakespeare Head Press
_c1951
300 _a62p.
942 _cTEXL
_h372.83, MCL
999 _c1327529
_d1327529